00529nam a2200157Ia 4500008004100000082001700041100001800058245004100076260002400117365000700141630004100148730004100189942000900230999001900239952011300258100415s9999 xx 000 0 und d b19490a574.1 aSHIVA VANDANA aCan life be made? can life be owned? aPUNEc1995bPARISAR b15 aCan life be made? can life be owned? aCan life be made? can life be owned? cBOOK c602387d602384 00104070aBNHSbBNHSd2001-12-18g15.00l0o574.1 19490pBNHS-19490r2010-04-15 00:00:00w2010-04-15yBOOK